00148nam a2200061Ia 4500245002300000100002200023008004100045 0aHoog bo die wolke  aReinhardt, Trudy 210818s9999 xx 000 0 und d